000 00456nam a22001577a 4500
005 20251108170827.0
008 250721s1991 xx 000 0 ara d
082 1 4 _aط/992.17/حنين
100 1 _aالزين، سميح عاطف
245 1 0 _aالامام أحمد بن حنبل /
264 1 _aبيروت :
_bدار الكتب الحديثة،
_c1991.
300 _a19ص
650 1 7 _aالقصص العربية
942 _2ddc
_cBK
999 _c49949
_d49949